000 00468nam a2200169Ia 4500
003 GCL
008 140319s9999 xx 000 0 eng d
040 _aGCL /
_cGCL
082 0 4 _a938
_bS C
100 1 _aSHANKS, MICHAEL
245 1 0 _aCLASSICAL ARCHAEOLOGY OF GREECE /
_cSHANKS, MICHAEL
260 _a[S.N] :
_bROUTLEDGE
650 0 4 _aGREECE ANTIQUITIES
650 0 4 _aGREECE, CIVILIZATION TO 146 BC
650 0 4 _aARCHAEOLOGY - GREECE METHODOLOGY
942 _2ddc
_cBK
999 _c13669
_d13669